| 000 | 00358nam a2200133 a 4500 | ||
|---|---|---|---|
| 005 | 20140414131906.0 | ||
| 008 | 100901s19uu xx 00 eng d | ||
| 050 |
_aFIC _bSt5 2007 |
||
| 100 | _aStilton, Geronimo | ||
| 245 | _aGeronimo and the gold medal mystery. | ||
| 260 |
_aNew York : _bScholastic, _c2007. |
||
| 440 | _aGeronimo Stilton | ||
| 999 |
_c110976 _d110976 |
||